00591nam a2200169 a 450000100100000000500170001000800410002704000250006808200160009310000340010924500720014326000460021530000200026104900090028195201140029099900170040400003128520200930062826.0110617s2004 xxu 000 0 eng d aDO-SdBNPbengcBNPHU axxxxbW177g1 aWalker, Stanleyd1898-95774910aGeneralissimo Rafael L. Trujillo :ba biography. /cStanley Walker. a[New York] :bCaribbean Library,c[195?]. a36 p. ;c24 cm. aBNPD 001050718MOaPDbPDcCTd2011-06-17iLF1l0oxxxx W177gp31285-10r2020-06-25w2020-06-25y1ZNo se presta c30777d30777